Polska - zaznaczanie pól - Statystyki

Ogólne statystyki
  • Ten quiz został rozwiązany 13 100 razy
    13 085 od ostatniego zresetowania
  • Średni wynik to 56 z 68
Statystyki odpowiedzi
Zagadnienie Komórka Select % Poprawnych
miasta w Polsce Łódź Tak
99%
miasta w Polsce Stuttgart Nie
99%
miasta w Polsce Warszawa Tak
99%
miasta w Polsce Białystok Tak
98%
miasta w Polsce Brno Nie
98%
miasta w Polsce Gdańsk Tak
98%
miasta w Polsce Toruń Tak
98%
miasta w Polsce Zielona Góra Tak
98%
miasta w Polsce Lwów Nie
97%
miasta w Polsce Wenecja Nie
97%
miasta w Polsce Chełm Tak
95%
parki narodowe w Polsce Durmitor Nie
92%
parki narodowe w Polsce Everglades Nie
92%
parki narodowe w Polsce Kakadu Nie
92%
miasta w Polsce Ostrawa Nie
92%
miasta w Polsce Ostrołęka Tak
92%
parki narodowe w Polsce Semien Nie
92%
parki narodowe w Polsce Serengeti Nie
92%
parki narodowe w Polsce Tongariro Nie
92%
rzeki w Polsce Wisła Tak
92%
rzeki w Polsce Amazonka Nie
91%
parki narodowe w Polsce Komodo Nie
91%
rzeki w Polsce Odra Tak
91%
pasma górskie w Polsce Tatry Tak
91%
parki narodowe w Polsce Tatrzański Tak
91%
obiekty w Polsce Big Ben Nie
90%
obiekty w Polsce Chichén Itzá Nie
90%
pasma górskie w Polsce Diamentowe Nie
90%
obiekty w Polsce Pałac Buckingham Nie
90%
obiekty w Polsce Stonehenge Nie
90%
obiekty w Polsce Wieża Eiffla Nie
90%
parki narodowe w Polsce Bieszczadzki Tak
89%
pasma górskie w Polsce Czukockie Nie
89%
rzeki w Polsce Dniestr Nie
89%
obiekty w Polsce Pałac Kultury i Nauki Tak
89%
obiekty w Polsce Wawel Tak
89%
pasma górskie w Polsce Alpy Nie
88%
pasma górskie w Polsce Czerskiego Nie
88%
pasma górskie w Polsce Pireneje Nie
88%
pasma górskie w Polsce Bieszczady Tak
87%
rzeki w Polsce Bug Tak
87%
pasma górskie w Polsce Dynarskie Nie
87%
obiekty w Polsce Kościół Mariacki Tak
86%
obiekty w Polsce Zamek Krzyżacki Tak
86%
parki narodowe w Polsce Karkonoski Tak
85%
miasta w Polsce Królewiec Nie
85%
parki narodowe w Polsce Słowiński Tak
85%
pasma górskie w Polsce Świętokrzyskie Tak
85%
pasma górskie w Polsce Karkonosze Tak
84%
obiekty w Polsce Sukiennice Tak
83%
rzeki w Polsce Pregoła Nie
82%
parki narodowe w Polsce Bizona Leśnego Nie
81%
obiekty w Polsce Auschwitz-Birkenau Tak
80%
rzeki w Polsce Dunaj Nie
78%
miasta w Polsce Grodno Nie
78%
parki narodowe w Polsce Gór Stołowych Tak
75%
pasma górskie w Polsce Skaliste Nie
73%
rzeki w Polsce Niemen Nie
72%
miasta w Polsce Preszów Nie
72%
pasma górskie w Polsce Stołowe Tak
72%
parki narodowe w Polsce Drawieński Tak
65%
parki narodowe w Polsce Wigierski Tak
57%
rzeki w Polsce Dźwina Nie
53%
parki narodowe w Polsce Magurski Tak
42%
obiekty w Polsce Varso Tak
34%
pasma górskie w Polsce Izerskie Tak
27%
pasma górskie w Polsce Bardzkie Tak
12%
pasma górskie w Polsce Złote Tak
12%
Nie znaleziono quizów pasujących do podanych kryteriów
Rozkład punktacji
Procent ludzi z każdym wynikiem
Percentyl według liczby udzielonych odpowiedzi
Twoja historia wyników
Nie rozwiązałeś tego quizu od ostatniego zresetowania